Laughing all the way to the bank (Record no. 79565)

MARC details
000 -LEADER
fixed length control field 01343cab a22002415a 4500
001 - CONTROL NUMBER
control field L141664
008 - FIXED-LENGTH DATA ELEMENTS--GENERAL INFORMATION
fixed length control field 071211e20071208xxk f 000 0 eng d
035 ## - SYSTEM CONTROL NUMBER
System control number (Sirsi) u141664
041 0# - LANGUAGE CODE
Language code of text/sound track or separate title eng
100 1# - MAIN ENTRY--PERSONAL NAME
Personal name Briant, Julian
245 00 - TITLE STATEMENT
Title Laughing all the way to the bank
260 ## - PUBLICATION, DISTRIBUTION, ETC.
Date of publication, distribution, etc. 2007
490 ## - SERIES STATEMENT
Series statement Estates Gazette
Volume/sequential designation (0749) 8 December 2007, 100(1)
520 ## - SUMMARY, ETC.
Summary, etc. Considers the process of serving notices in regard of residential leasehold enfranchisement. Delays or incorrectly served notices can have serious unintended effects. Examines the recent case of Sinclair Gardens Investments v Poets Chase Freehold Co Ltd (L139826). This showed that notices served under section 13 of the Leasehold Reform, Housing and Urban Development Act 1993 which fail irretrievably need not be withdrawn. Tenants can therefore serve a fresh notice immediately.
590 ## - LOCAL NOTE (RLIN)
Local note KA
650 24 - SUBJECT ADDED ENTRY--TOPICAL TERM
Topical term or geographic name entry element LEASEHOLD REFORM ACT 1967
650 24 - SUBJECT ADDED ENTRY--TOPICAL TERM
Topical term or geographic name entry element LEASEHOLD REFORM, HOUSING AND URBAN DEVELOPMENT ACT 1993 S13
650 24 - SUBJECT ADDED ENTRY--TOPICAL TERM
Topical term or geographic name entry element SINCLAIR GARDENS INVESTMENTS (KENSINGTON) LTD V POETS CHASE FREEHOLD COMPANY LTD
650 24 - SUBJECT ADDED ENTRY--TOPICAL TERM
Topical term or geographic name entry element MANNAI INVESTMENT CO LTD V EAGLE STAR LIFE ASSURANCE CO LTD UK
651 #4 - SUBJECT ADDED ENTRY--GEOGRAPHIC NAME
Geographic name United Kingdom
Chronological subdivision
690 ## - LOCAL SUBJECT ADDED ENTRY--TOPICAL TERM (OCLC, RLIN)
Topical term or geographic name as entry element PROPERTY-RESIDENTIAL PROPERTY-RESIDENTIAL LANDLORD AND TENANT-RESIDENTIAL LEASES-RESIDENTIAL LEASEHOLD ENFRANCHISEMENT
942 ## - ADDED ENTRY ELEMENTS (KOHA)
Suppress in OPAC 0
Holdings
Withdrawn status Lost status Source of classification or shelving scheme Damaged status Not for loan Home library Current library Shelving location Date acquired Total Checkouts Full call number Barcode Date last seen Copy number Price effective from Koha item type
    Dewey Decimal Classification     London London Journal article 11/12/2007   L141664 141664-1001 06/08/2019 1 06/08/2019 Journal article